000 00309nam a2200109Ia 4500
008 171211s9999 xx 000 0 und d
245 _aAdventures in Global Selling
245 _cBill Wilson and Gayle Hickok
260 _c2010
650 _xBUSINESS
856 _uhttp://down.ebook777.com/063/9781934956342.pdf
999 _c349457
_d349457